| 000 | 01077 a2200229 4500 | ||
|---|---|---|---|
| 001 | 4281 | ||
| 005 | 20260407155433.0 | ||
| 008 | 260407a2005 arg spa d | ||
| 003 | AR-UNSa-BCEJYS | ||
| 040 |
_aAR-UNSa-BCEJYS _bspa _cAR-UNSa-BCEJYS |
||
| 080 |
_a512 _xAlgebra |
||
| 245 | 1 | 0 | _aMatemáticas para administración y economía |
| 020 | _a978-970-686-427-7 | ||
| 250 | _a3a. ed. | ||
| 264 | 1 |
_aMéxico : _bCengage Learning Editores _c2005 |
|
| 300 |
_axiii, 947 p. _c26 cm. |
||
| 505 | _a1. Fundamentos de álgebra - 2. Funciones y sus gráficas - 3. Funciones exponenciales y logarítmicas - 4. Matemáticas financieras - 5. Sistemas de ecuaciones lineales y matrices - 6. Programación lineal - 7. Conjuntos y probabilidad - 8. Derivada - 9. Aplicaciones de la derivada - 10. Integración - 11. Cálculo de varias variables | ||
| 942 | _cBK | ||
| 590 | _aniveau_biblio:m niveau_hierar:0 | ||
| 100 | 1 | _aTan, Soo Tang | |
| 856 | 4 | 1 |
_uhttps://biblioeco.unsa.edu.ar/pmb/images/libros/Matematicas para administracion y economia-l118527.jpg _yImagen de portada _qimage/jpeg |
| 999 |
_c411 _d411 |
||